Catálogo
Digital

Catálogo
Digital

Ecuador Debate N°109. Protesta social y desgaste de la democracia liberal (Record no. 13544)

MARC details
000 -CABECERA
campo de control de longitud fija 02357nam a2200385 4500
003 - IDENTIFICADOR DEL NÚMERO DE CONTROL
campo de control EC-UNACH
005 - FECHA Y HORA DE LA ÚLTIMA TRANSACCIÓN
campo de control 20250515110509.0
006 - CÓDIGOS DE INFORMACIÓN DE LONGITUD FIJA--CARACTERÍSTICAS DEL MATERIAL ADICIONAL
campo de control de longitud fija s||||gr|||| 00| 00
008 - DATOS DE LONGITUD FIJA--INFORMACIÓN GENERAL
campo de control de longitud fija 150116t9999 mx r gr 000 0 spa d
020 ## - NÚMERO INTERNACIONAL ESTÁNDAR DEL LIBRO
Número Internacional Estándar del Libro 9789942963536
040 ## - FUENTE DE LA CATALOGACIÓN
Centro catalogador/agencia de origen EC-UNACH
Centro/agencia transcriptor EC-UNACH
041 ## - CÓDIGO DE LENGUA
Código de lengua del texto/banda sonora o título independiente spa
082 04 - NÚMERO DE LA CLASIFICACIÓN DECIMAL DEWEY
Número de edición 23
Número de clasificación 300
Número de documento/Ítem L017756
110 ## - ENTRADA PRINCIPAL--NOMBRE DE ENTIDAD CORPORATIVA
Nombre de entidad corporativa o nombre de jurisdicción como elemento de entrada Centro Andino de Acción Popular (CAAP)
245 ## - MENCIÓN DE TÍTULO
Título Ecuador Debate N°109. Protesta social y desgaste de la democracia liberal
250 ## - MENCIÓN DE EDICIÓN
Mención de edición Primera edición
264 ## - Producción, publicación, distribución, fabricación y copyright
Lugar de producción, publicación, distribución, fabricación Quito – Ecuador
Nombre del de productor, editor, distribuidor, fabricante CAAP
Fecha de de producción, publicación, distribución, fabricación o copyright 2020
300 ## - DESCRIPCIÓN FÍSICA
Extensión 218 páginas
Otras características físicas Tablas
Dimensiones 14,5 X 21 cm
505 ## - NOTA DE CONTENIDO CON FORMATO
Nota de contenido con formato COYUNTURA.- De la pandemia sanitaria al pandemonio económico. -- La economía ecuatoriana, confronta diversas presiones contractivas. -- Conflictividad socio-política: Noviembre/2019-Febrero/2020. -- TEMA CENTRAL.- El retroceso de la democracia: la experiencia ecuatoriana. -- El estallido social chileno: ¿crisis de un modelo neoliberal o crisis de la ideología del crecimiento? . -- La democracia colombiana en tiempos de movilización social ¿Manifestaciones de una crisis orgánica? . -- Excepción y contrarrevolución global. -- Democracias por venir y mundos por construir en el escenario posconflicto colombiano. -- Estallido social, crisis política y solución constitucional en Chile. Lecciones a partir de los acontecimientos del 18 de octubre de 2019. -- DEBATE AGRARIO -RURAL.- La plasticidad de las estructuras comunitarias en los procesos de transformación del Ecuador rural. -- ANÁLISIS.- A propósito del tema: Estado y Nación en los pueblos amerindios. -- Maternalismo y política: Cynthia Viteri ¿"el hombre" o "la madre" de los ecuatorianos? -- RESEÑAS.- Moral y orden. La delincuencia y el castigo en los inicios de la modernidad en Ecuador. La construcción imaginaria del Sur de Quito.
650 ## - PUNTO DE ACCESO ADICIONAL DE MATERIA--TÉRMINO DE MATERIA
Término de materia o nombre geográfico como elemento inicial ECONOMÍA ECUATORIANA
650 ## - PUNTO DE ACCESO ADICIONAL DE MATERIA--TÉRMINO DE MATERIA
Término de materia o nombre geográfico como elemento inicial LA DEMOCRACIA COLOMBIANA
650 ## - PUNTO DE ACCESO ADICIONAL DE MATERIA--TÉRMINO DE MATERIA
Término de materia o nombre geográfico como elemento inicial IDEOLOGÍA DEL CRECIMIENTO
650 ## - PUNTO DE ACCESO ADICIONAL DE MATERIA--TÉRMINO DE MATERIA
Término de materia o nombre geográfico como elemento inicial MODELO NEOLIBERAL
700 ## - PUNTO DE ACCESO ADICIONAL--NOMBRE DE PERSONA
Nombre de persona Acosta, Alberto
700 ## - PUNTO DE ACCESO ADICIONAL--NOMBRE DE PERSONA
Nombre de persona Salgado Tamayo, Wilma
700 ## - PUNTO DE ACCESO ADICIONAL--NOMBRE DE PERSONA
Nombre de persona Andrade, Pablo
700 ## - PUNTO DE ACCESO ADICIONAL--NOMBRE DE PERSONA
Nombre de persona Garcés, Marina
700 ## - PUNTO DE ACCESO ADICIONAL--NOMBRE DE PERSONA
Nombre de persona Fauroux, Emmanuel
942 ## - ELEMENTOS DE PUNTO DE ACCESO ADICIONAL (KOHA)
Fuente del sistema de clasificación o colocación Clasificación Decimal Dewey
Tipo de ítem Koha Libros
999 ## - NÚMEROS DE CONTROL DE SISTEMA (KOHA)
Koha biblionumber 13544
Holdings
Estado de pérdida Fuente del sistema de clasificación o colocación Estado dañado No para préstamo Localización permanente Ubicación/localización actual Ubicación en estantería Fecha de adquisición Fuente de adquisición Número de inventario Total de préstamos Signatura topográfica completa Código de barras Fecha visto por última vez Precio válido a partir de Tipo de ítem Koha Centro de costos
  Clasificación Decimal Dewey     Biblioteca Campus Norte Biblioteca Campus Norte Derecho 25/04/2025 Donación CAAP 39686987   300 CEN L017756 L017756 25/04/2025 25/04/2025 Libros  

Powered by Koha